[Event "BCF-chT1b 1516 (4NCL)"]
[Site "England"]
[Date "2016.02.14"]
[Round "6.181"]
[White "Roberson, Peter T"]
[Black "Carron, Julien"]
[Result "0-1"]
[WhiteElo "2408"]
[BlackElo "2358"]
[PlyCount "41"]
[EventDate "2015.11.14"]
[EventType "team-swiss"]
[EventRounds "11"]
[EventCountry "ENG"]
[SourceTitle "CBM 170 Extra"]
[Source "ChessBase"]
[SourceDate "2016.02.25"]
[SourceVersion "1"]
[SourceVersionDate "2016.02.25"]
[SourceQuality "1"]
[WhiteTeam "Grantham Sharks"]
[BlackTeam "Sussex Martlets"]
[WhiteTeamCountry "ENG"]
[BlackTeamCountry "ENG"]

1. e4 c5 2. Nf3 Nc6 3. c3 Nf6 4. e5 Nd5 5. Bc4 Nb6 6. Bb3 c4 7. Bc2 d6 8. exd6 e5 9. 0-0 Be6 10. b3 Bxd6 11. d3 cxd3 12. Qxd3 Be7 13. Qe2 Qc7 14. Re1 f6 15. Nbd2 0-0-0 16. c4 g5 17. Bb2 h5 18. Nf1 h4 19. h3 g4 20. hxg4 Bxg4 21. Ne3 0-1

[Event "SUI-ch 112th"]
[Site "Flims"]
[Date "2012.07.16"]
[Round "5.3"]
[White "Gallagher, Joseph G"]
[Black "Carron, Julien"]
[Result "1-0"]
[WhiteElo "2500"]
[BlackElo "2372"]
[PlyCount "55"]
[EventDate "2012.07.12"]
[EventType "tourn"]
[EventRounds "9"]
[EventCountry "SUI"]
[EventCategory "9"]
[SourceTitle "CBM 149 Extra"]
[Source "ChessBase"]
[SourceDate "2012.08.24"]
[SourceVersion "1"]
[SourceVersionDate "2012.08.24"]
[SourceQuality "1"]

1. e4 c5 2. Nf3 Nc6 3. Bb5 e6 4. 0-0 Nge7 5. Nc3 Nd4 6. Nxd4 cxd4 7. Ne2 a6 8. Ba4 b5 9. Bb3 Nc6 10. d3 Bb7 11. f4 Qb6 12. a3 Be7 13. Bd2 h5 14. Kh1 g6 15. Ng1 Na5 16. Ba2 f5 17. Nf3 fxe4 18. dxe4 Nc4 19. Bxc4 bxc4 20. Qe2 Rc8 21. Ne5 Rg8 22. Rae1 Qb5 23. a4 Qc5 24. b4 cxb3 25. cxb3 Bf6 26. Rc1 Qe7 27. Rxc8+ Bxc8 28. Rc1 1-0

[Event "SUI-ch 112th"]
[Site "Flims"]
[Date "2012.07.15"]
[Round "4"]
[White "Carron, Julien"]
[Black "Kurmann, Oliver"]
[Result "1/2-1/2"]
[WhiteElo "2372"]
[BlackElo "2460"]
[PlyCount "46"]
[EventDate "2012.07.12"]
[EventType "tourn"]
[EventRounds "9"]
[EventCountry "SUI"]
[EventCategory "9"]
[SourceTitle "CBM 149 Extra"]
[Source "ChessBase"]
[SourceDate "2012.08.24"]
[SourceVersion "1"]
[SourceVersionDate "2012.08.24"]
[SourceQuality "1"]

1. d4 Nf6 2. c4 e6 3. g3 d5 4. Bg2 Bb4+ 5. Bd2 Be7 6. Nf3 0-0 7. 0-0 c6 8. Bf4 dxc4 9. Ne5 Nd5 10. Nxc4 Nxf4 11. gxf4 c5 12. dxc5 Qc7 13. Ne5 Nd7 14. Nd3 Nxc5 15. Qc2 Qb6 16. Nxc5 Bxc5 17. Nc3 Bd7 18. Rad1 Rfd8 19. f5 Be7 20. Rd3 Be8 21. fxe6 fxe6 22. Be4 Rxd3 23. Qxd3 g6 1/2-1/2

[Event "SUI-chT"]
[Site "Switzerland"]
[Date "2012.06.03"]
[Round "4.3"]
[White "Carron, Julien"]
[Black "Preissmann, Emmanuel"]
[Result "1/2-1/2"]
[WhiteElo "2369"]
[BlackElo "2282"]
[PlyCount "26"]
[EventDate "2012.03.18"]
[EventType "team-tourn"]
[EventRounds "9"]
[EventCountry "SUI"]
[SourceTitle "EXT 2013"]
[Source "ChessBase"]
[SourceDate "2012.11.22"]
[SourceVersion "1"]
[SourceVersionDate "2012.11.22"]
[SourceQuality "1"]
[WhiteTeam "Wollishofen"]
[BlackTeam "Neuchatel"]
[WhiteTeamCountry "SUI"]
[BlackTeamCountry "SUI"]

1. d4 d5 2. Nf3 Nf6 3. c4 dxc4 4. e3 Be6 5. Nc3 h6 6. Be2 c5 7. 0-0 Nc6 8. dxc5 Qa5 9. Nd4 Rd8 10. Bf3 Bd7 11. Nxc6 Bxc6 12. Bxc6+ bxc6 13. Qa4 Qxa4 1/2-1/2

[Event "SUI-ch 111th"]
[Site "Leukerbad"]
[Date "2011.07.15"]
[Round "9"]
[White "Carron, Julien"]
[Black "Raetsky, Alexander"]
[Result "1/2-1/2"]
[WhiteElo "2355"]
[BlackElo "2425"]
[PlyCount "40"]
[EventDate "2011.07.07"]
[EventType "swiss"]
[EventRounds "9"]
[EventCountry "SUI"]
[SourceTitle "CBM 143 Extra"]
[Source "ChessBase"]
[SourceDate "2011.08.29"]
[SourceVersion "1"]
[SourceVersionDate "2011.08.29"]
[SourceQuality "1"]

1. d4 d5 2. Nf3 Nf6 3. c4 dxc4 4. e3 Bg4 5. Bxc4 e6 6. Nbd2 a6 7. 0-0 Nbd7 8. b3 c5 9. Bb2 cxd4 10. exd4 Bb4 11. Be2 Nd5 12. Rc1 0-0 13. Nc4 Nf4 14. a3 Be7 15. Ne3 Bh5 16. d5 Bf6 17. Bxf6 Qxf6 18. dxe6 Qxe6 19. Bc4 Qg6 20. Nh4 Qg5 1/2-1/2

[Event "SUI-ch 111th"]
[Site "Leukerbad"]
[Date "2011.07.11"]
[Round "5"]
[White "Siebrecht, Sebastian"]
[Black "Carron, Julien"]
[Result "0-1"]
[WhiteElo "2470"]
[BlackElo "2355"]
[PlyCount "110"]
[EventDate "2011.07.07"]
[EventType "swiss"]
[EventRounds "9"]
[EventCountry "SUI"]
[SourceTitle "CBM 143 Extra"]
[Source "ChessBase"]
[SourceDate "2011.08.29"]
[SourceVersion "1"]
[SourceVersionDate "2011.08.29"]
[SourceQuality "1"]

1. d4 Nf6 2. c4 e6 3. Nc3 Bb4 4. e3 b6 5. Nge2 Ba6 6. Ng3 Bb7 7. a3 Bxc3+ 8. bxc3 c5 9. d5 exd5 10. cxd5 Bxd5 11. c4 Be6 12. Bb2 Nc6 13. Bd3 Qc7 14. f4 0-0-0 15. 0-0 d5 16. cxd5 Nxd5 17. Qf3 f6 18. Rfd1 Nde7 19. Nh5 Kb8 20. Be4 Rdg8 21. Bc3 Bf5 22. Rd2 Bxe4 23. Qxe4 Nc8 24. Rad1 Re8 25. Qf3 Re7 26. Ng3 Rd8 27. Nf5 Rxd2 28. Rxd2 Rf7 29. Qd5 g6 30. Nh6 Rf8 31. Qe6 Nd8 32. Qd7 Nc6 33. Ng4 Rf7 34. Qd5 Rf8 35. Nxf6 N8e7 36. Qe6 Rd8 37. Nd7+ Kb7 38. Bf6 Nd4 39. Qe4+ Ka6 40. exd4 Rxd7 41. d5 Nf5 42. Be5 Nd6 43. Qa4+ Kb7 44. g3 a6 45. Kg2 b5 46. Qb3 Qb6 47. h4 Nc4 48. Rd1 Qa5 49. Qf3 Qxa3 50. Rd3 Qc1 51. d6+ Kb6 52. Qe2 a5 53. h5 a4 54. Kh3 Qh1+ 55. Qh2 Qf1+ 0-1

[Event "SUI-chT"]
[Site "Switzerland"]
[Date "2011.06.26"]
[Round "5.3"]
[White "Sadeghi, Hassan Roger"]
[Black "Carron, Julien"]
[Result "1/2-1/2"]
[WhiteElo "2223"]
[BlackElo "2346"]
[PlyCount "119"]
[EventDate "2011.02.27"]
[EventType "team-tourn"]
[EventRounds "9"]
[EventCountry "SUI"]
[SourceTitle "EXT 2012"]
[Source "ChessBase"]
[SourceDate "2011.11.24"]
[SourceVersion "1"]
[SourceVersionDate "2011.11.24"]
[SourceQuality "1"]
[WhiteTeam "Echallens"]
[BlackTeam "Wollishofen"]
[WhiteTeamCountry "SUI"]
[BlackTeamCountry "SUI"]

1. b4 e5 2. Bb2 d6 3. e3 g6 4. d4 Nd7 5. Nf3 Bg7 6. Be2 Qe7 7. c4 Nh6 8. 0-0 0-0 9. Nc3 f5 10. c5 e4 11. Nd2 Nf6 12. cxd6 cxd6 13. b5 g5 14. b6 f4 15. Qb3+ Kh8 16. Nd5 Nxd5 17. Qxd5 axb6 18. Qxe4 Qf7 19. exf4 Bf5 20. Qf3 Bg4 21. Qd3 gxf4 22. Bxg4 Nxg4 23. h3 Nh6 24. Nf3 Nf5 25. Rfe1 Rxa2 26. Rxa2 Qxa2 27. Bc3 Qa6 28. Qe4 Qc4 29. Ba1 Qb4 30. Kh2 h6 31. Qxb7 b5 32. Qd7 Qc4 33. Re8 Qg8 34. Rxf8 Qxf8 35. Qxb5 Qf6 36. Bc3 Qg6 37. Qd5 Ne7 38. Qa8+ Kh7 39. Qb7 Ng8 40. Qd5 Ne7 41. Qb7 Qf7 42. Bb4 Qe6 43. Qc7 Nf5 44. Qc2 Kh8 45. Qd3 Qd5 46. Bc3 Kg8 47. Qe2 Kh7 48. Qd3 Kg8 49. Kg1 Kh8 50. Kf1 Ne7 51. Bd2 Qf7 52. Qe4 Ng6 53. h4 d5 54. Qc2 Nf8 55. Qc8 Kh7 56. Qc6 Qf5 57. Kg1 Ne6 58. Qd6 Qb1+ 59. Kh2 Qf5 60. Kg1 1/2-1/2

[Event "SUI-chT"]
[Site "Switzerland"]
[Date "2011.05.08"]
[Round "4.6"]
[White "Carron, Julien"]
[Black "Drabke, Lorenz Maximilian"]
[Result "0-1"]
[WhiteElo "2346"]
[BlackElo "2458"]
[PlyCount "88"]
[EventDate "2011.02.27"]
[EventType "team-tourn"]
[EventRounds "9"]
[EventCountry "SUI"]
[SourceTitle "EXT 2012"]
[Source "ChessBase"]
[SourceDate "2011.11.24"]
[SourceVersion "1"]
[SourceVersionDate "2011.11.24"]
[SourceQuality "1"]
[WhiteTeam "Wollishofen"]
[BlackTeam "Reichenstein"]
[WhiteTeamCountry "SUI"]
[BlackTeamCountry "SUI"]

1. d4 d5 2. Nf3 Nf6 3. c4 c6 4. Qc2 dxc4 5. Qxc4 Bf5 6. Nc3 e6 7. g3 Nbd7 8. Bg2 Be7 9. 0-0 0-0 10. Bf4 Ne4 11. Qb3 Qb6 12. Nh4 Nxc3 13. bxc3 Bg4 14. Nf3 Qa6 15. Rfe1 Rfe8 16. a4 Bf6 17. Rab1 b6 18. Nd2 e5 19. Be3 Rac8 20. Qc4 Qxc4 21. Nxc4 Red8 22. Rbd1 Be6 23. Nd6 Rc7 24. Ne4 Be7 25. Nd2 Rcc8 26. f4 exd4 27. cxd4 Nf6 28. Kh1 c5 29. Nf3 Bb3 30. Ra1 Nd5 31. Bg1 c4 32. Rec1 Bb4 33. Ne5 f6 34. Nf3 Nc3 35. Bh3 Rc6 36. Nd2 Bxa4 37. Nxc4 Bb5 38. Nb2 Nxe2 39. Rxc6 Bxc6+ 40. Bg2 Bxg2+ 41. Kxg2 Bc3 42. Rxa7 Nxg1 43. Nd1 Bxd4 44. Ra2 Re8 0-1

[Event "WUCC op 11th"]
[Site "Zuerich"]
[Date "2010.09.10"]
[Round "7"]
[White "Wyss, Jonas"]
[Black "Carron, Julien"]
[Result "1-0"]
[WhiteElo "2270"]
[BlackElo "2394"]
[PlyCount "71"]
[EventDate "2010.09.05"]
[EventType "swiss"]
[EventRounds "9"]
[EventCountry "SUI"]
[SourceTitle "CBM 138 Extra"]
[Source "ChessBase"]
[SourceDate "2010.10.29"]
[SourceVersion "1"]
[SourceVersionDate "2010.10.29"]
[SourceQuality "1"]

1. e4 c5 2. Nf3 Nc6 3. d4 cxd4 4. Nxd4 Nf6 5. Nc3 e5 6. Ndb5 d6 7. Bg5 a6 8. Na3 b5 9. Bxf6 gxf6 10. Nd5 f5 11. Bd3 Be6 12. c3 Bxd5 13. exd5 Ne7 14. Nxb5 Bg7 15. Na3 0-0 16. 0-0 e4 17. Bc2 Rc8 18. Rb1 Kh8 19. c4 Ng6 20. b4 Ne5 21. Qe2 Qh4 22. Rb3 Rg8 23. Rh3 Qf6 24. Kh1 Bh6 25. f3 exf3 26. Rhxf3 Nxf3 27. Qxf3 f4 28. Bd3 Qc3 29. Qe4 Qg7 30. Nc2 Rge8 31. Qf3 Qc3 32. Qh3 Qf6 33. a3 Rc7 34. Ne3 Qc3 35. Ng4 f5 36. Nxh6 1-0

[Event "SUI-chT"]
[Site "Switzerland"]
[Date "2010.08.29"]
[Round "7.4"]
[White "Carron, Julien"]
[Black "Miralles, Gilles"]
[Result "0-1"]
[WhiteElo "2394"]
[BlackElo "2469"]
[PlyCount "72"]
[EventDate "2010.02.14"]
[EventType "team-tourn"]
[EventRounds "9"]
[EventCountry "SUI"]
[SourceTitle "EXT 2011"]
[Source "ChessBase"]
[SourceDate "2010.11.26"]
[SourceVersion "1"]
[SourceVersionDate "2010.11.26"]
[SourceQuality "1"]
[WhiteTeam "Wollishofen"]
[BlackTeam "Geneve"]
[WhiteTeamCountry "SUI"]
[BlackTeamCountry "SUI"]

1. d4 d5 2. Nf3 Nc6 3. c4 Bg4 4. cxd5 Bxf3 5. gxf3 Qxd5 6. e3 e5 7. Nc3 Bb4 8. Bd2 Bxc3 9. bxc3 Qd7 10. Qb3 Nge7 11. Qxb7 0-0 12. Qb1 Rfe8 13. Qd3 exd4 14. cxd4 Nf5 15. Be2 Ncxd4 16. exd4 Nxd4 17. Be3 Nxf3+ 18. Kd1 Qa4+ 19. Qb3 Rad8+ 20. Kc1 Qc6+ 21. Qc4 Qf6 22. Rb1 Rd6 23. Bxf3 Qxf3 24. Kb2 Qf6+ 25. Ka3 Ra6+ 26. Kb3 Rc6 27. Qb4 a5 28. Qd4 Qf5 29. Kb2 Rd6 30. Qf4 Qd3 31. Rbc1 Re4 32. Qg5 Rd5 33. Qg2 Qe2+ 34. Ka1 Rb5 35. Bd4 g6 36. Bc3 Qxa2+ 0-1

[Event "SUI-ch op"]
[Site "Lenzerheide"]
[Date "2010.07.15"]
[Round "8"]
[White "Carron, Julien"]
[Black "Williams, Simon Kim"]
[Result "1-0"]
[WhiteElo "2380"]
[BlackElo "2511"]
[PlyCount "125"]
[EventDate "2010.07.08"]
[EventType "swiss"]
[EventRounds "9"]
[EventCountry "SUI"]
[SourceTitle "CBM 137 Extra"]
[Source "ChessBase"]
[SourceDate "2010.09.01"]
[SourceVersion "1"]
[SourceVersionDate "2010.09.01"]
[SourceQuality "1"]

1. d4 e6 2. c4 b6 3. e4 Bb7 4. Bd3 Bb4+ 5. Bd2 Bxd2+ 6. Nxd2 Nc6 7. Ngf3 Qf6 8. d5 Nb4 9. Be2 Qxb2 10. Rb1 Qa3 11. Rb3 Qa5 12. a3 Nxd5 13. exd5 exd5 14. Re3+ Kf8 15. 0-0 Nf6 16. Qa1 Re8 17. Rxe8+ Kxe8 18. cxd5 Bxd5 19. Nc4 Qc5 20. Ne3 Be6 21. Rc1 Qd6 22. Rd1 Qc5 23. Rc1 Qd6 24. Nd4 Qe5 25. Nxe6 Qxa1 26. Nxc7+ Kd8 27. Rxa1 Kxc7 28. Rc1+ Kb8 29. Ba6 Ne4 30. f3 Nc5 31. Bc4 f6 32. Rd1 Re8 33. Kf2 Kc7 34. Nd5+ Kb7 35. Nf4 Kc6 36. Ne2 a6 37. Nd4+ Kc7 38. Re1 Rc8 39. Re7 b5 40. Be2 Rg8 41. f4 Kd8 42. Re3 g5 43. f5 Rg7 44. Bf3 Re7 45. Nc2 Re5 46. Rxe5 fxe5 47. Ke3 Ke7 48. Nb4 Kf6 49. g4 Ke7 50. Nd3 Na4 51. Nxe5 Nc3 52. Bb7 a5 53. Ba6 b4 54. axb4 Nd5+ 55. Kd4 Nxb4 56. Bb5 Nc2+ 57. Kc3 Ne3 58. h3 Nd5+ 59. Kd4 Nf4 60. Nxd7 Nxh3 61. f6+ Ke6 62. Kc5 h5 63. Kc6 1-0

[Event "SUI-ch op"]
[Site "Lenzerheide"]
[Date "2010.07.10"]
[Round "3"]
[White "Carron, Julien"]
[Black "Simon, Ralf Axel"]
[Result "1-0"]
[WhiteElo "2380"]
[BlackElo "2206"]
[PlyCount "56"]
[EventDate "2010.07.08"]
[EventType "swiss"]
[EventRounds "9"]
[EventCountry "SUI"]
[SourceTitle "CBM 137 Extra"]
[Source "ChessBase"]
[SourceDate "2010.09.01"]
[SourceVersion "1"]
[SourceVersionDate "2010.09.01"]
[SourceQuality "1"]

1. d4 d5 2. Nf3 e6 3. c4 Nf6 4. g3 Bb4+ 5. Bd2 Be7 6. Bg2 0-0 7. 0-0 c6 8. Qc2 b6 9. Rd1 Nbd7 10. Bf4 Ba6 11. Ne5 Rc8 12. Nc3 Qe8 13. e4 Bb7 14. Qa4 a6 15. Nxd7 Qxd7 16. exd5 b5 17. dxc6 Rxc6 18. cxb5 Rxc3 19. bxc3 Nd5 20. Bd2 axb5 21. Qb3 Bc6 22. c4 bxc4 23. Qxc4 Ba3 24. Rab1 Ra8 25. Re1 h6 26. Bxh6 Ra4 27. Rb8+ Kh7 28. Qc2+ g6 1-0

[Event "SUI-ch op"]
[Site "Lenzerheide"]
[Date "2010.07.08"]
[Round "1"]
[White "Carron, Julien"]
[Black "Schnelli, Roman"]
[Result "1-0"]
[WhiteElo "2380"]
[BlackElo "2009"]
[PlyCount "73"]
[EventDate "2010.07.08"]
[EventType "swiss"]
[EventRounds "9"]
[EventCountry "SUI"]
[SourceTitle "CBM 137 Extra"]
[Source "ChessBase"]
[SourceDate "2010.09.01"]
[SourceVersion "1"]
[SourceVersionDate "2010.09.01"]
[SourceQuality "1"]

1. d4 Nf6 2. c4 c5 3. d5 e6 4. Nc3 exd5 5. cxd5 d6 6. g3 g6 7. Nf3 Bg7 8. Nd2 0-0 9. Nc4 a6 10. a4 Re8 11. Bg2 Bf5 12. f3 Qc7 13. 0-0 Bc8 14. Bf4 Bf8 15. a5 Nbd7 16. Na4 Ne5 17. Nab6 Rb8 18. Bxe5 dxe5 19. e4 Bd7 20. d6 Qd8 21. f4 exf4 22. e5 fxg3 23. Rxf6 gxh2+ 24. Kh1 Bg7 25. Nxd7 Qxd7 26. Nb6 Qb5 27. d7 Red8 28. Rxf7 Qxb2 29. Nc4 Qc3 30. Bd5 Kh8 31. Rf3 Qd4 32. Qxd4 cxd4 33. e6 d3 34. Rd1 Bd4 35. Rdxd3 Bg1 36. Ne5 Rf8 37. e7 1-0

[Event "SUI-chT"]
[Site "Switzerland"]
[Date "2010.06.27"]
[Round "5.4"]
[White "Heimann, Andreas"]
[Black "Carron, Julien"]
[Result "1/2-1/2"]
[WhiteElo "2464"]
[BlackElo "2394"]
[PlyCount "73"]
[EventDate "2010.02.14"]
[EventType "team-tourn"]
[EventRounds "9"]
[EventCountry "SUI"]
[SourceTitle "EXT 2011"]
[Source "ChessBase"]
[SourceDate "2010.11.26"]
[SourceVersion "1"]
[SourceVersionDate "2010.11.26"]
[SourceQuality "1"]
[WhiteTeam "Reichenstein"]
[BlackTeam "Wollishofen"]
[WhiteTeamCountry "SUI"]
[BlackTeamCountry "SUI"]

1. e4 c5 2. Nf3 Nc6 3. d4 cxd4 4. Nxd4 e5 5. Nb5 d6 6. N1c3 a6 7. Na3 b5 8. Nd5 Nce7 9. c4 Nxd5 10. exd5 bxc4 11. Nxc4 f5 12. Bd2 a5 13. Qa4+ Bd7 14. Qa3 Qb8 15. Nxa5 Nf6 16. Bd3 Be7 17. b4 Nxd5 18. Qb3 Nb6 19. b5 e4 20. Be2 d5 21. Nc6 Bxc6 22. bxc6 0-0 23. Be3 Nc4 24. Bxc4 Qb4+ 25. Qxb4 Bxb4+ 26. Ke2 dxc4 27. Rhc1 c3 28. a3 Ba5 29. Bd4 Rfc8 30. Bxc3 Rxc6 31. Bxa5 Rxc1 32. Rxc1 Rxa5 33. Ra1 Kf7 34. a4 Ke6 35. Kd2 Kd5 36. Kc3 Kc5 37. Kb3 1/2-1/2

[Event "Bodensee-Cup"]
[Site "Friedrichshafen"]
[Date "2010.05.09"]
[Round "3.4"]
[White "Pitl, Gregory"]
[Black "Carron, Julien"]
[Result "1/2-1/2"]
[WhiteElo "2411"]
[BlackElo "2394"]
[PlyCount "39"]
[EventDate "2010.05.07"]
[EventType "team-tourn"]
[EventRounds "3"]
[EventCountry "GER"]
[SourceTitle "EXT 2024"]
[Source "ChessBase"]
[SourceDate "2023.10.10"]
[SourceVersion "1"]
[SourceVersionDate "2023.10.10"]
[SourceQuality "1"]
[WhiteTeam "Bayern"]
[BlackTeam "Schweiz"]
[WhiteTeamCountry "GER"]
[BlackTeamCountry "SUI"]

1. d4 Nf6 2. c4 e6 3. g3 d5 4. Bg2 dxc4 5. Nf3 Nc6 6. Qa4 Bb4+ 7. Bd2 Bd6 8. Na3 Rb8 9. Qxc4 0-0 10. 0-0 Bd7 11. Rfd1 a6 12. Qd3 Nb4 13. Qb1 Bc6 14. Ne5 Bxg2 15. Kxg2 Be7 16. Nac4 Nc6 17. Nxc6 Qd5+ 18. f3 Qxc6 19. Qd3 Rfd8 20. Rac1 1/2-1/2

[Event "SUI-chT"]
[Site "Switzerland"]
[Date "2010.04.25"]
[Round "3.3"]
[White "Sermier, Guillaume"]
[Black "Carron, Julien"]
[Result "1-0"]
[WhiteElo "2402"]
[BlackElo "2394"]
[PlyCount "73"]
[EventDate "2010.02.14"]
[EventType "team-tourn"]
[EventRounds "9"]
[EventCountry "SUI"]
[SourceTitle "EXT 2011"]
[Source "ChessBase"]
[SourceDate "2010.11.26"]
[SourceVersion "1"]
[SourceVersionDate "2010.11.26"]
[SourceQuality "1"]
[WhiteTeam "Lausanne"]
[BlackTeam "Wollishofen"]
[WhiteTeamCountry "SUI"]
[BlackTeamCountry "SUI"]

1. Nf3 Nf6 2. c4 e6 3. d4 b6 4. g3 Bb4+ 5. Nbd2 Ba6 6. a3 Bxd2+ 7. Nxd2 Bb7 8. Nf3 Be4 9. Bg2 0-0 10. 0-0 d5 11. b3 Nc6 12. Bb2 Qc8 13. Rc1 Qb7 14. cxd5 Bxd5 15. b4 b5 16. Qc2 Be4 17. Qc5 Bd5 18. Ne1 Nd7 19. Qc3 Nd8 20. Qxc7 Qxc7 21. Rxc7 Nb6 22. Nd3 a5 23. bxa5 Rxa5 24. Bc3 Ra8 25. Bb4 Re8 26. Rc5 Bxg2 27. Kxg2 Nc4 28. Rxb5 Nxa3 29. Rc5 Ra7 30. Bxa3 Rxa3 31. Rc8 f6 32. Rb1 Ra7 33. Nc5 Kf7 34. Rbb8 Ke7 35. Nxe6 Kxe6 36. Rxd8 Ree7 37. Re8 1-0

[Event "SUI-chT"]
[Site "Switzerland"]
[Date "2010.03.21"]
[Round "2.5"]
[White "Lustenberger, Daniel"]
[Black "Carron, Julien"]
[Result "1/2-1/2"]
[WhiteElo "2277"]
[BlackElo "2394"]
[PlyCount "36"]
[EventDate "2010.02.14"]
[EventType "team-tourn"]
[EventRounds "9"]
[EventCountry "SUI"]
[SourceTitle "EXT 2011"]
[Source "ChessBase"]
[SourceDate "2010.11.26"]
[SourceVersion "1"]
[SourceVersionDate "2010.11.26"]
[SourceQuality "1"]
[WhiteTeam "Tribschen"]
[BlackTeam "Wollishofen"]
[WhiteTeamCountry "SUI"]
[BlackTeamCountry "SUI"]

1. d4 Nf6 2. Nf3 e6 3. Bf4 Bd6 4. Ne5 b6 5. e3 Bb7 6. Nd2 Nc6 7. c3 Bxe5 8. dxe5 Nd5 9. Qg4 Nxf4 10. exf4 0-0 11. Ne4 Nb4 12. Nf6+ Kh8 13. Nh5 g6 14. Nf6 Nd5 15. Qg5 Kg7 16. Nh5+ Kh8 17. Nf6 Kg7 18. Nh5+ Kh8 1/2-1/2

[Event "SUI-chT"]
[Site "Switzerland"]
[Date "2010.02.14"]
[Round "1.5"]
[White "Carron, Julien"]
[Black "Toth, Bela"]
[Result "1/2-1/2"]
[WhiteElo "2394"]
[BlackElo "2358"]
[PlyCount "99"]
[EventDate "2010.02.14"]
[EventType "team-tourn"]
[EventRounds "9"]
[EventCountry "SUI"]
[SourceTitle "EXT 2011"]
[Source "ChessBase"]
[SourceDate "2010.11.26"]
[SourceVersion "1"]
[SourceVersionDate "2010.11.26"]
[SourceQuality "1"]
[WhiteTeam "Wollishofen"]
[BlackTeam "Riehen"]
[WhiteTeamCountry "SUI"]
[BlackTeamCountry "SUI"]

1. d4 Nf6 2. c4 e6 3. g3 d5 4. Bg2 dxc4 5. Nf3 Bb4+ 6. Bd2 a5 7. 0-0 0-0 8. Bg5 Nbd7 9. Qc2 h6 10. Bxf6 Nxf6 11. Qxc4 c6 12. a3 Be7 13. Nbd2 a4 14. Qc2 Qa5 15. Rfc1 Rd8 16. e3 Bd7 17. Rab1 Be8 18. Nc4 Qa7 19. Nce5 c5 20. dxc5 Bxc5 21. Nd3 Bb6 22. Nde5 Nd5 23. Qe4 Rac8 24. Nc4 Bc5 25. g4 Nf6 26. Qf4 Bc6 27. Nce5 Bd6 28. Qc4 Rc7 29. Nxc6 Rxc6 30. Qb5 Rdc8 31. Rxc6 Rxc6 32. Nd4 Rb6 33. Qc4 Qb8 34. h3 Bxa3 35. Nb5 Bf8 36. Qxa4 Qe8 37. Nc3 Qxa4 38. Nxa4 Rb3 39. Bf1 Nd5 40. Bc4 Rb4 41. Bxd5 exd5 42. Nc3 d4 43. exd4 Rxd4 44. Rd1 Rb4 45. Rd2 Rb3 46. Kg2 Bb4 47. Rd8+ Kh7 48. Rd7 b6 49. Rxf7 Bxc3 50. bxc3 1/2-1/2

[Event "SUI-chT"]
[Site "Switzerland"]
[Date "2009.10.18"]
[Round "9.1"]
[White "Carron, Julien"]
[Black "Huebner, Robert"]
[Result "0-1"]
[WhiteElo "2411"]
[BlackElo "2602"]
[PlyCount "120"]
[EventDate "2009.02.22"]
[EventType "team-tourn"]
[EventRounds "9"]
[EventCountry "SUI"]
[SourceTitle "EXT 2011"]
[Source "ChessBase"]
[SourceDate "2010.11.26"]
[SourceVersion "1"]
[SourceVersionDate "2010.11.26"]
[SourceQuality "1"]
[WhiteTeam "Wollishofen"]
[BlackTeam "Luzern"]
[WhiteTeamCountry "SUI"]
[BlackTeamCountry "SUI"]

1. d4 Nf6 2. c4 e6 3. g3 Bb4+ 4. Bd2 c5 5. Nf3 Nc6 6. Bxb4 cxb4 7. Bg2 0-0 8. 0-0 d6 9. a3 Qc7 10. axb4 Nxb4 11. Qb3 a5 12. Nc3 Bd7 13. Rfc1 Rac8 14. Qa3 b6 15. b3 Qb8 16. Na2 Nc6 17. e3 e5 18. b4 exd4 19. Nxd4 Rfe8 20. Nxc6 Bxc6 21. Bxc6 Rxc6 22. bxa5 bxa5 23. Qxa5 Qc8 24. Nb4 Rxc4 25. Nd3 h6 26. Rxc4 Qxc4 27. Qa6 d5 28. Nf4 Rc8 29. Qa2 Qe4 30. Rd1 Qf3 31. Qe2 Qxe2 32. Nxe2 Rc2 33. Nf4 Ne4 34. Rf1 Rd2 35. h4 g5 36. hxg5 hxg5 37. Nh3 Kg7 38. g4 f5 39. gxf5 Kf6 40. Kg2 Kxf5 41. Kg1 g4 42. Nf4 d4 43. Ng2 d3 44. Nf4 Nc3 45. Kg2 Ne2 46. Nxd3 Rxd3 47. Ra1 Rd2 48. Ra5+ Kf6 49. Ra6+ Kg5 50. Ra5+ Kh4 51. Ra8 Ng3 52. Rh8+ Nh5 53. Rf8 Kg5 54. Rg8+ Kf5 55. Rf8+ Nf6 56. Kg3 Kg5 57. Rf7 Ne4+ 58. Kg2 g3 59. Rg7+ Kf5 60. Rf7+ Kg6 0-1

[Event "SUI-ch"]
[Site "Graechen"]
[Date "2009.07.15"]
[Round "7"]
[White "Carron, Julien"]
[Black "Lehmann, Marco"]
[Result "1-0"]
[WhiteElo "2416"]
[BlackElo "2268"]
[PlyCount "97"]
[EventDate "2009.07.09"]
[EventType "swiss"]
[EventRounds "9"]
[EventCountry "SUI"]
[SourceTitle "CBM 131 Extra"]
[Source "ChessBase"]
[SourceDate "2009.09.03"]
[SourceVersion "2"]
[SourceVersionDate "2009.09.16"]
[SourceQuality "1"]

1. d4 Nf6 2. Nf3 g6 3. g3 Bg7 4. Bg2 0-0 5. 0-0 d6 6. b3 c5 7. c4 Ne4 8. Bb2 Nc6 9. Nbd2 Bf5 10. Nh4 Nxd2 11. Qxd2 Nxd4 12. Bxd4 Bxd4 13. Nxf5 gxf5 14. Rab1 Bg7 15. Bxb7 Rb8 16. Bg2 e6 17. Rfd1 Rb6 18. Qa5 Qe7 19. Rd3 Rfb8 20. Rbd1 Kf8 21. Qd2 Rd8 22. Qe3 a5 23. Qxc5 dxc5 24. Rxd8+ Qxd8 25. Rxd8+ Ke7 26. Rc8 a4 27. Rxc5 axb3 28. axb3 Rxb3 29. Rc7+ Kf6 30. Bf3 Bf8 31. Bh5 Be7 32. f4 Ra3 33. c5 Ra7 34. Rc8 Ra1+ 35. Kg2 Rc1 36. c6 h6 37. Rc7 Ba3 38. h3 Rc2 39. Kf2 Rc3 40. Kg2 Rc2 41. Bf3 Rd2 42. g4 fxg4 43. hxg4 e5 44. g5+ hxg5 45. fxg5+ Ke6 46. Bg4+ f5 47. gxf6+ Kxf6 48. Rb7 Rd4 49. Bh3 1-0

[Event "SUI-ch"]
[Site "Graechen"]
[Date "2009.07.09"]
[Round "1"]
[White "Carron, Julien"]
[Black "Wilson, Alexandra"]
[Result "1-0"]
[WhiteElo "2416"]
[BlackElo "2072"]
[PlyCount "50"]
[EventDate "2009.07.09"]
[EventType "swiss"]
[EventRounds "9"]
[EventCountry "SUI"]
[SourceTitle "CBM 131 Extra"]
[Source "ChessBase"]
[SourceDate "2009.09.03"]
[SourceVersion "2"]
[SourceVersionDate "2009.09.16"]
[SourceQuality "1"]

1. d4 e6 2. c4 b6 3. a3 Bb7 4. Nc3 f5 5. Nf3 Nf6 6. g3 Bxf3 7. exf3 c5 8. d5 Qe7 9. Be3 e5 10. Bh3 g6 11. d6 Qxd6 12. Qxd6 Bxd6 13. Nb5 Ke7 14. Bg5 Rf8 15. 0-0 a6 16. Nc3 Ke6 17. Bxf6 Rxf6 18. Ne4 Rf8 19. Nxd6 Nc6 20. Ne4 Nd4 21. Kh1 Ke7 22. Nc3 b5 23. Nd5+ Kd6 24. f4 e4 25. Ne3 bxc4 1-0